Blasinstrumente - Statistiken

Allgemein
  • Dieses Quiz wurde 432 mal gespielt
  • Das Durchschnittsergebnis liegt bei 13 aus 27
Antwortstatistiken
Hint Antwort % Korrekt
Trompete
98%
Blockflöte
93%
Tuba
89%
Querflöte
88%
Posaune
86%
Klarinette
84%
Jagdhorn
82%
Saxophon
81%
Oboe
80%
Fagott
60%
Dudelsack
53%
Mundharmonika
50%
Panflöte
45%
Alphorn
35%
Piccoloflöte
33%
Waldhorn
33%
Orgel
23%
Trillerpfeife
21%
Akkordeon
20%
Didgeridoo
20%
Englischhorn
19%
Fanfare
18%
Schalmei
15%
Kornett
14%
Melodica
13%
Vuvuzela
11%
Drehorgel
6%
Keine übereinstimmenden Quizze gefunden
Verteilung der Resultate
Anzahl Personen mit jedem Resultat
Perzentil nach korrekt beantworteten Fragen
Ihre Resultats-Entwicklung
Sie haben dieses Quiz noch nicht gespielt